Desarrollo organizacional : transformación y administración efectiva del cambio /
Contenido: 1. Mapeo del territorio; 2. Bases del desarrollo y la transformación organizacional; 3. Intervenciones fundamentales; 4. Investigación apreciativa: estrategias de cambio actuales; 5. Lineamientos y temas de implicación; 6. Ejemplos y situaciones especiales; 7. Desafíos y oportunidades par...
Guardat en:
| Autor principal: | |
|---|---|
| Altres autors: | , |
| Format: | Llibre |
| Idioma: | espanyol |
| Publicat: |
México :
McGraw-Hill,
2007, c2007
|
| Matèries: | |
| Etiquetes: |
Sense etiquetes, Sigues el primer a etiquetar aquest registre!
|
MARC
| LEADER | 00000nam^a2200000^a^4500 | ||
|---|---|---|---|
| 001 | 000272958 | ||
| 005 | 20250521000000.0 | ||
| 009 | 20260310111116.455 | ||
| 020 | |a 978-970-10-6234-0 | ||
| 037 | |a Acervo ITESO - Biblioteca | ||
| 041 | |a ESP | ||
| 082 | |a 658. 4063 |b FRE | ||
| 100 | |a French, Wendell L. |e (autor) | ||
| 245 | 1 | 0 | |a Desarrollo organizacional : |b transformación y administración efectiva del cambio / |c W.L. French, C.H. Bell, hijo, R.A. Zawacki ; tr. por Magda Elizabeth Treviño Rosales. |
| 264 | 4 | |a México : |b McGraw-Hill, |c 2007, c2007 | |
| 300 | |a XII, 442 p. | ||
| 336 | |a texto |b txt |2 rdacontenido | ||
| 337 | |a sin mediación |b n |2 rdamedio | ||
| 338 | |a volumen |b nc |2 rdasoporte | ||
| 500 | |a Traducción de: Organization Development and Transformation. Managing Effective Change | ||
| 520 | |a Contenido: 1. Mapeo del territorio; 2. Bases del desarrollo y la transformación organizacional; 3. Intervenciones fundamentales; 4. Investigación apreciativa: estrategias de cambio actuales; 5. Lineamientos y temas de implicación; 6. Ejemplos y situaciones especiales; 7. Desafíos y oportunidades para el futuro. | ||
| 590 | |a Traducción de la 6a edición en inglés | ||
| 649 | |a XX | ||
| 650 | |a Comportamiento Organizacional | ||
| 650 | |a Cambio Organizacional | ||
| 650 | |a Cultura Organizacional | ||
| 650 | |a Desarrollo Organizacional - |x Tema Principal | ||
| 650 | |a Psicología Laboral | ||
| 650 | |a Proceso Administrativo - |x Dirección | ||
| 650 | |a Administración | ||
| 650 | |a Ciencias Administrativas | ||
| 700 | |a Bell, Cecil H., |c hijo |e (autor) | ||
| 700 | |a Zawacki, Robert H. |e (autor) | ||
| 910 | |a Fondo General | ||
| 920 | |a Impresos - Libros | ||
| 930 | |a Colección General | ||
| 905 | |a 101 | ||
| 901 | |a 0500158377 |b IT1 |c ACC |u 20250521 | ||
| 901 | |a 0500097289 |b IT1 |c ACC |u 20250521 | ||
| 902 | |a https://opac.biblio.iteso.mx/vufind/Record/000272958 | ||